Dynamics of nonlinear time-delay systems /
Guardado en:
| Autor Principal: | |
|---|---|
| Otros Autores: | |
| Formato: | Libro |
| Idioma: | English |
| Publicado: |
Berlin ; New York :
Springer,
2010.
|
| Series: | Springer series in synergetics (Unnumbered)
Springer complexity. |
| Materias: | |
| Acceso en línea: | Contributor biographical information Publisher description Table of contents only |
| Etiquetas: |
Agregar Etiqueta
Sin Etiquetas, Sea el primero en etiquetar este registro!
|
| LEADER | 01487cam a22003497a 4500 | ||
|---|---|---|---|
| 001 | MAT.inmabb006865 | ||
| 008 | 100913s2010####gw#a#####b####001#0#eng#d | ||
| 005 | 20150623182144.0 | ||
| 245 | 1 | 0 | |a Dynamics of nonlinear time-delay systems / |c M. Lakshmanan, D.V. Senthilkumar. |
| 260 | |a Berlin ; |a New York : |b Springer, |c 2010. | ||
| 300 | |a xvii, 313 p. : |b il. (algunas col.) ; |c 24 cm. | ||
| 490 | 1 | |a Springer series in synergetics | |
| 490 | 1 | |a Springer complexity | |
| 504 | |a Incluye referencias bibliográficas e índice. | ||
| 510 | 4 | |a MR, |c 2012d:37004 | |
| 020 | |a 9783642149375 | ||
| 020 | |a 3642149375 | ||
| 020 | |a 9783642266492 (softcover) | ||
| 100 | 1 | |a Lakshmanan, M. |q (Muthusamy) | |
| 700 | 1 | |a Senthilkumar, D. V. |q (Dharmapuri Vijayan) | |
| 830 | 0 | |a Springer series in synergetics (Unnumbered) | |
| 830 | 0 | |a Springer complexity. | |
| 650 | 0 | |a Time delay systems |x Dynamics. | |
| 650 | 0 | |a Nonlinear systems. | |
| 084 | |a 37-02 (34D06 34K20 37C10 37D45 37N25 92B20) |2 msc2010 | ||
| 010 | |a 2010936895 | ||
| 016 | 7 | |a 015660331 |2 Uk | |
| 040 | |a BTCTA |b eng |c BTCTA |d YDXCP |d BWX |d DGU |d OHX |d OIP |d UKMGB |d VRC |d DLC | ||
| 856 | 4 | 2 | |3 Contributor biographical information |u http://www.loc.gov/catdir/enhancements/fy1305/2010936895-b.html |
| 856 | 4 | 2 | |3 Publisher description |u http://www.loc.gov/catdir/enhancements/fy1305/2010936895-d.html |
| 856 | 4 | 1 | |3 Table of contents only |u http://www.loc.gov/catdir/enhancements/fy1305/2010936895-t.html |
| 859 | |h 37 |i L192 |p A-8886 |b BIB. MATEMATICA | ||
